00473nam a2200169Ia 4500003000400000008004100004040001600045082001800061100002200079245005700101260004600158300001100204490000500215650002800220650002100248650003400269GCL140319s9999 xx 000 0 ara d aGCL / cGCL04a818.03bح س1 aحسين فوزى10aسندباد الى الغرب / cحسين فوزى a[S.N] : bدار المعارف ، c1983 a294 ص a04aالادب العربى04aالمذكرات04aالتراجم الذاتية